000 00856nam a22002295i 4500
001 154808
003 ES-MaACL
005 20230906205847.0
008 040715m18491857xxka |||| | eng d
040 _aCAM
_bspa
_cCAM
100 1 _aGrote, George.
_9127573
245 1 0 _aHistory of Greece /
_cby George Grote.
250 _a2nd ed.
260 _aLondon :
_bJohn Murray,
_c1849-1857 (
_fprinted by Richard and John E. Taylor)
300 _a12 v. ;
_c22 cm.
596 _aEl imp. en t.XII es "printed by Taylor and Francis"
599 _aEn t.XII grab. que representa un busto escultórico del autor: "W. Behnes del, W. Holl eng"
651 4 _aGreecia-
_xHistoria.
_98777
752 _aGran Bretaña -
_dLondres
852 _aES-MaACL
_jG-11333-11334, G-11344
_z-- Enc. tela y enc. hol.
_q-- Contiene unicamente t.I-II y XII
999 _c154808
_d154808